000 01801cam a22004934i 4500
003 PE-LiUPU
005 20250731180057.0
008 150617s r 000 0 d
035 _a(Sirsi) a15807
040 _aPE-LiUPU
_bspa
_cPE-LiUPU
_erda
049 _aPRUA
082 0 4 _a515.35
_bP42
_221
100 _aCh. Edwards,
_eeditor.
_96117
245 0 0 _aEcuaciones diferenciales elementales con aplicaciones. /
_ceditores; Ch. Edwards, Jr. David E. Penney.
264 1 _aMéxico :
_bPrentice-Hall Hispanoamericana,
_c1987.
300 _a681 páginas ;
_c23 cm
336 _atext
_2rdacontent
337 _aunmediated
_2rdamedia
338 _avolume
_2rdacarrier
505 0 _aIntroducción y ecuaciones diferenciales de primer orden -- Ecuaciones lineales de orden superior -- Solución de ecuaciones lineales mediante series de potencias -- La transformada de Laplace -- Sistemas lineales de ecuaciones diferenciales -- Métodos numéricos -- Serie de fourier y separación de variables -- Valores propios y problemas de valores a la frontera -- Propiedades cuallitativas y existencia dse soluciones.
526 _aSEG44
526 _aSEG26
526 _aP159
526 _aP155
526 _aP154
526 _aP153
526 _aP150
526 _aP100
526 _aP31
526 _aP30
526 _aP26
526 _aP25
526 _aP24
526 _aP22
526 _aP15
526 _aP10
650 0 4 _aECUACIONES DIFERENCIALES.
_9176
700 _aPenney, David E,
_eeditor.
_96118
942 _2ddc
_cBK
949 _a515.35 P42
_wDEWEY
_c2
_i28097
_lCCODEBUL1
_mBUL
_r0
_sY
_tBOOK
_u2015-04-21
_xEDUCACION
_zUNKNOWN
_0COMPRA
_o.STAFF. Colección General
999 _c10537
_d10537
980 _81
_gALBERTO SANCHEZ Responsable de Automatización